| 000 | 00600nam a2200241Ia 4500 | ||
|---|---|---|---|
| 003 | OSt | ||
| 005 | 20250716112857.0 | ||
| 008 | 210719s1993 xx 000 0 und d | ||
| 020 | _a0314011323 | ||
| 040 | _cAL | ||
| 041 | _aeng | ||
| 082 | _a658.8 ZIKM | ||
| 100 |
_aZikmund William G _9218942 |
||
| 245 | _aMarketing Ed 4 | ||
| 250 | _a4 | ||
| 260 |
_aNew York _bWest publishing Co., _c1993 |
||
| 300 |
_axl,797,R-16 _bHB |
||
| 650 |
_aManagement _9218943 |
||
| 650 |
_aMarketing Management _9218944 |
||
| 700 |
_aMichael Damico _9218945 |
||
| 906 | _aEd.4 ; Marketing | ||
| 942 |
_2ddc _cBK |
||
| 999 |
_c214353 _d214353 |
||